书目信息 |
| 题名: |
我的哲学"罪案"
|
|
| 作者: | 杨献珍 著 | |
| 分册: | ||
| 出版信息: | 北京 人民出版社 1981 |
|
| 页数: | 390页 | |
| 开本: | 21cm | |
| 丛书名: | ||
| 单 册: | ||
| 中图分类: | B26 , B2 | |
| 科图分类: | ||
| 主题词: | 哲学--中国--现代 , 哲学--中国 | |
| 电子资源: | ||
| ISBN: | ||
| 000 | 00674nam0 2200265 450 | |
| 001 | 1136965670 | |
| 005 | 20110928101937.46 | |
| 010 | @dCNY1.90 | |
| 091 | @a2001.205 | |
| 100 | @a19950414d1981 em y0chiy0110 ea | |
| 101 | 0 | @achi |
| 102 | @aCN@b110000 | |
| 105 | @ay z 000yy | |
| 106 | @ar | |
| 200 | 1 | @a我的哲学"罪案"@Awo de zhe xue" zui an"@f杨献珍著 |
| 210 | @a北京@c人民出版社@d1981 | |
| 215 | @a390页@d21cm | |
| 606 | 0 | @a哲学@y中国@z现代 |
| 606 | 0 | @a哲学@x中国 |
| 690 | @aB26@v3 | |
| 690 | @aB2@v4 | |
| 701 | 0 | @a杨献珍@f(1896.7~1992.8)@Ayang xian zhen@4著 |
| 801 | 0 | @aCN@b上海图书馆 |
| 801 | 2 | @aCN@bNLC |
| 905 | @a10447@dB2@eJY48 | |
| 我的哲学"罪案"/杨献珍著 .-北京:人民出版社,1981 |
| 390页;21cm |
| ISBN :CNY1.90 |
| ● |
| 相关链接 |
|
|
|
|
正题名:我的哲学"罪案"
索取号:B2/JY48
 
预约/预借
| 序号 | 登录号 | 条形码 | 馆藏地/架位号 | 状态 | 备注 |
| 1 | 7824410 | 278244106 | 学院路分馆/ [索取号:B2/JY48] | 在馆 |